Statistics for Partial Countries Quiz

Click here to take the quiz!

General Stats

  • This quiz has been taken 169 times
  • The average score is 7 of 8

Answer Stats

Answer% Correct
Greenland
96%
Brazil
95%
Greece
95%
Somalia
95%
The Netherlands
88%
Qatar
82%
Costa Rica
79%
Trinidad and Tobago
78%

Score Distribution

Percentile by Number Answered

Percent of People with Each Score

Your Score History

You have not taken this quiz